Экогеохимия водных экосистем урбанизированных территорий северного Прикамья: автореферат диссертации на соискание ученой степени кандидата геолого-минералогических наук; спец. 1.6.21
| Main Author: | |
|---|---|
| Corporate Author: | |
| Other Authors: | |
| Summary: | Заглавие с титульного экрана Электронная версия печатной публикации Защита сост. 25.09.2024 На правах рукописи Текстовый файл |
| Language: | Russian |
| Published: |
Томск, 2024
|
| Subjects: | |
| Online Access: | https://earchive.tpu.ru/handle/11683/80471 |
| Format: | Electronic Book |
| KOHA link: | https://koha.lib.tpu.ru/cgi-bin/koha/opac-detail.pl?biblionumber=674209 |
MARC
| LEADER | 00000nam0a2200000 4500 | ||
|---|---|---|---|
| 001 | 674209 | ||
| 005 | 20240925140227.0 | ||
| 090 | |a 674209 | ||
| 100 | |a 20240821d2024 k||y0rusy50 ca | ||
| 101 | 0 | |a rus | |
| 102 | |a RU | ||
| 105 | |a a dm 001yy | ||
| 135 | |a drcn ---uucaa | ||
| 181 | 0 | |a i |b e | |
| 182 | 0 | |a b | |
| 183 | 0 | |a cr |2 RDAcarrier | |
| 200 | 1 | |a Экогеохимия водных экосистем урбанизированных территорий северного Прикамья |e автореферат диссертации на соискание ученой степени кандидата геолого-минералогических наук |e спец. 1.6.21 |f Ушакова Евгения Сергеевна |g науч. рук. Е. А. Меньшикова ; Пермский государственный национальный исследовательский университет | |
| 203 | |a Текст |c электронный |b визуальный | ||
| 210 | 1 | |a Томск |d 2024 | |
| 215 | |a 1 файл (1 996 КБ, 24 с.) |c pdf | ||
| 283 | |2 RDAcarrier |a online_resource | ||
| 300 | |a Заглавие с титульного экрана | ||
| 300 | |a Электронная версия печатной публикации | ||
| 300 | |a Защита сост. 25.09.2024 | ||
| 320 | |a Список опубликованных работ по теме диссертации: с. 23-24 (12 назв.) | ||
| 333 | |a На правах рукописи | ||
| 336 | |a Текстовый файл | ||
| 606 | 1 | |a Экосистемы водные |x Загрязнения |9 85193 | |
| 606 | 1 | |a Экологическая геохимия |9 85680 | |
| 610 | 1 | |a электронный ресурс | |
| 610 | 1 | |a авторефераты диссертаций | |
| 610 | 1 | |a малые реки | |
| 610 | 1 | |a техногенное воздействие | |
| 610 | 1 | |a мониторинг | |
| 610 | 1 | |a загрязнения | |
| 610 | 1 | |a донные отложения | |
| 610 | 1 | |a гидробионты | |
| 610 | 1 | |a экологическая опасность | |
| 610 | 1 | |a биотические компоненты | |
| 610 | 1 | |a экологическая оценка | |
| 610 | 1 | |a водные объекты | |
| 610 | 1 | |a водные экосистемы | |
| 610 | 1 | |a река Кама | |
| 610 | 1 | |a эколого-геохимическое состояние | |
| 610 | 1 | |a интегральные показатели | |
| 610 | 1 | |a биоиндикационные показатели | |
| 610 | 1 | |a биоиндикация | |
| 675 | |a 504.4(04) |v 4 | ||
| 675 | |a 550.4(04) |v 4 | ||
| 686 | |2 oksvnk |a 25.00.36 | ||
| 700 | 1 | |a Ушакова |b Е. С. |g Евгения Сергеевна | |
| 702 | 1 | |a Меньшикова |b Е. А. |g Елена Александровна |4 727 | |
| 712 | 0 | 2 | |a Пермский государственный национальный исследовательский университет |9 26867 |4 070 |
| 801 | 0 | |a RU |b 63413507 |c 20240821 |g RCR | |
| 850 | |a 63413507 | ||
| 856 | 4 | |u https://earchive.tpu.ru/handle/11683/80471 |z https://earchive.tpu.ru/handle/11683/80471 | |
| 942 | |c CF | ||